000
00347 a2200169 4500
001
186499
020
_a
85-04-00974-2
040
_c
Magnum
100
_a
Powell, Anna
240
1
0
_a
Não diga isso!
_l
por
245
1
0
_a
Não diga isso!
300
_a
24
362
0
_a
2006
440
1
_a
Nacional
697
_a
LITERATURA INFANTIL
942
_c
BK
999
_c
186499
_d
186499